Summa theologiae moralis
שמור ב:
| מחבר ראשי: | |
|---|---|
| פורמט: | ספר |
| שפה: | לטינית |
| יצא לאור: |
Ratisbona
Oeniponte
1957
|
| מהדורה: | 32a. ed |
| סדרה: | Summa Teologiae Moralis
|
| נושאים: | |
| תגים: |
הוספת תג
אין תגיות, היה/י הראשונ/ה לתייג את הרשומה!
|
MARC
| LEADER | 00000cam a2200000 a 4500 | ||
|---|---|---|---|
| 001 | UCD1653 | ||
| 003 | CL-VaPUC | ||
| 008 | 160324e19570000gw |||||||||||||||||lat|d | ||
| 082 | 0 | 4 | |a 241 |b HEI |2 21 |
| 100 | |a Heinzel, Godefridus |e author |9 584942 | ||
| 245 | 1 | 0 | |a Summa theologiae moralis |
| 250 | |a 32a. ed | ||
| 300 | |a v | ||
| 942 | |c BK | ||
| 945 | |d 20160324 12:59:00 |a dcastane | ||
| 260 | |a Ratisbona |b Oeniponte |c 1957 | ||
| 500 | |a v.1: de principiis | ||
| 650 | 0 | |a Teología moral |9 256617 | |
| 650 | 7 | |a PRINCIPIOS |2 CL-VaPUC |9 394414 | |
| 583 | |a last modification |c 20160324 12:59:00 |k Rodrigo Vera | ||
| 490 | 0 | |a Summa Teologiae Moralis | |
| 999 | |c 362924 |d 362922 | ||
| 952 | |0 0 |1 0 |3 erb |4 0 |6 241_000000000000000_HEI_1957 |7 0 |8 P |9 474535 |a BIBTEO |b BIBTES |c TEO_FTES |h v.1 |i 5277515 |o 241 HEI 1957 |p 5277515 |r 2024-01-18 |w 2019-11-24 |y BK |z Catalogado en:20160324 |k ICR | ||